Ultimate Australian Logo Quiz - Statistics

General Stats
  • This quiz has been taken 1,430 times
    1,411 since last reset
  • The average score is 33 of 64
Answer Stats
Picture Answer % Correct
Qantas
86%
ABC
85%
Bunnings Warehouse
85%
Optus
85%
Hungry Jacks
81%
Allens
80%
Woolworths
79%
Red Rooster
75%
Smiths
75%
Victoria Bitter
74%
Telstra
73%
Milo
72%
Vegemite
71%
Dan Murphys
70%
Westpac
70%
Commonwealth Bank
69%
Arnotts
68%
Australia Post
67%
BCF
67%
BWS
67%
Holden
67%
Twisties
66%
Bundaberg
65%
Quicksilver
64%
Four N Twenty
61%
Rip Curl
61%
NAB
60%
Uncle Tobys
59%
Kirks
58%
Australian Open
56%
Great Northern Brewing Co.
54%
Centrelink
53%
Oporto
53%
Tip Top
53%
ANZ
52%
Thirsty Camel
51%
Cold Rock Ice Creamery
50%
Hogsbreath Cafe
50%
Australian Government
49%
Billabong
48%
Devondale
48%
SBS
48%
Australian Made
47%
Darrel Lea
46%
Dreamworld
45%
Linfox
39%
Dairy Farmers
38%
Brumbys Bakery
37%
Armaguard
33%
Sydney Olympics
32%
Haighs Chocolates
30%
Village Roadshow
30%
Wendys Milk Bar
30%
Mrs Macs
26%
Noodle Box
26%
Bickfords
24%
Farmers Union Iced Coffee
21%
WesFarmers
17%
Balfours
16%
XXXX Gold
14%
Woolmark
13%
Charlesworth Nuts
12%
On The Run
12%
Golden North
11%
No matching quizzes found
Score Distribution
Percent of People with Each Score
Percentile by Number Answered
Your Score History
You have not taken this quiz since the last reset